Viscous flow / (Record no. 11773)

000 -LEADER
fixed length control field 00414pam a2200169 a 4500
020 ## - INTERNATIONAL STANDARD BOOK NUMBER
ISBN 0070565791 :
040 ## - CATALOGING SOURCE
Transcribing agency DLC
082 00 - DEWEY DECIMAL CLASSIFICATION NUMBER
Classification number 620 MCG 1990 A039 Or.
100 1# - MAIN ENTRY--AUTHOR NAME
Personal name Sherman, Frederick S.,
245 10 - TITLE STATEMENT
Title Viscous flow /
260 ## - PUBLICATION, DISTRIBUTION, ETC. (IMPRINT)
Place of publication New York :
Name of publisher McGraw-Hill,
Year of publication c1990.
300 ## - PHYSICAL DESCRIPTION
Number of Pages xxi, 746 p. :
Dimensions 24 cm.
500 ## - GENERAL NOTE
General note Includes indexes.
650 #0 - SUBJECT ADDED ENTRY--TOPICAL TERM
Topical Term Fluid dynamics.
650 #0 - SUBJECT ADDED ENTRY--TOPICAL TERM
Topical Term Viscous flow.
942 ## - ADDED ENTRY ELEMENTS (KOHA)
Koha item type សៀវភៅភាសាអង់គ្លេស

No items available.

មជ្ឈមណ្ឌលឯការនៃសាកលវិទ្យាល័យភូមិន្ទកសិកម្មចំការដូង

Powered by Koha